000 00827nas a2200253 4500
001 BR9605424
003 BR-BrBNA
005 20231205095351.0
007 ta
008 230509b bl.|||p| |||| 00| 00por d
040 _aBR-BrBNA
_bpor
_cBiblioteca Nacional de Agricultura
041 _a(Pt)
072 _aH20
100 1 _aMelloni, R.
100 1 _aDuarte, K.M.R.
100 1 _aCardoso, E.J.B.N.
245 1 _aEfeito de composto de lixo urbano e/ou de E.M.4 (effective microorganisms)no desenvolvimento de pepino (Cucumis sativus)e no controle de fusariose
650 _aPepino
650 _aFusariose
650 _aControle Biologico
773 0 _tSumma Phytopathologica (Brazil)
_xISSN 0100-5405
_g(Jan-Mar 1995), v. 21(1) p. 21-24
_wBR9605424
909 _a202311
_bLúcia
_c55
_dLúcia Elande
942 _2AGRIS
_n0
_cANA
999 _c150265
_d150265